000 01023cam a22003137a 4500
003 CHAP
005 20220817041426.0
008 971013s1985 r 00010 d
010 _a14102
011 _a15074
035 _a19148
040 _cCHAP
090 _aFolleto 9677
100 0 0 _aHernández Benedí, José Manuel.
_953855
245 1 3 _aLa indigestión ácida del ganado vacuno
260 _aMadrid :
_bMinisterio de Agricultura, Pesca y Alimentación,
_c1985
300 _a16 p.
_b: ilus.
490 0 _aHojas divulgadoras
_v; 9/85
590 _aBATCH-UPD
_b10
_c20130110
_lUCH01
_h1725
590 _aBATCH-UPD
_b10
_c20130410
_lUCH01
_h1107
590 _aBATCH-UPD
_b10
_c20130914
_lUCH01
_h1525
590 _aCONVERSION
_b10
_c20130109
_lUCH01
_h1309
650 1 4 _aGanado vacuno
_xEnfermedades.
_945460
830 0 _aHojas divulgadoras
_v; 9/85
901 _aBK
942 _cFOLL
949 _aFolleto 9677
_bBC
_cFOLL
_d-44369
_eTS1
_i19148
_mD
_si
949 _aFolleto 9677
_bBC
_cFOLL
_d-44370
_eTS2
_fc.2
_i19148
_mD
_si
999 _c14102
_d14102